Το γλωσσικό ιδίωμα της Κοζάνης
Αποθηκεύτηκε σε:
| Κύριος συγγραφέας: | |
|---|---|
| Μορφή: | Βιβλίο |
| Γλώσσα: | Greek |
| Δημοσίευση: |
Κοζάνη :
[Ινστιτούτο Βιβλίου και Ανάγνωσης Κοζάνης],
2005
|
| Θέματα: | |
| Ετικέτες: |
Προσθήκη ετικέτας
Δεν υπάρχουν, Καταχωρήστε ετικέτα πρώτοι!
|
MARC
| LEADER | 00000cam a2200000 i 4500 | ||
|---|---|---|---|
| 001 | 1/50557 | ||
| 008 | 070803s2005 gre d | ||
| 020 | |a 960-7973-38-0 | ||
| 035 | |l 10089487 | ||
| 040 | |a GR-MY-UA |b gre |e aacr | ||
| 041 | 0 | |a gre | |
| 082 | 0 | |a 489.37 |2 (22) | |
| 100 | 1 | |a Ντίνας, Κωνσταντίνος Δ., |d 1957- | |
| 245 | 1 | 3 | |a Το γλωσσικό ιδίωμα της Κοζάνης / |c Κώστας Δ. Ντίνας |
| 260 | |a Κοζάνη : |b [Ινστιτούτο Βιβλίου και Ανάγνωσης Κοζάνης], |c 2005 | ||
| 300 | |a 2τ.; |c 23 εκ. | ||
| 505 | 8 | |a τ.1. Φωνητική- φωνολογία, μορφολογία, σύνταξη. - τ.2. Λλωσσάριο του ιδιώματος της Κοζάνης | |
| 650 | 0 | 0 | |a Greek language, Modern |x Dialects |z Greece |z Kozane (Nome) |
| 650 | 0 | 0 | |a Greek language |x Etymology |x Glossaries, vocabularies, etc. |
| 852 | |a INST |b RHODES |e 20070803 |h 489.37 NTI |p 005400026213 |q 005400026213 |t BK |y 0 |z τ.2 | ||
| 852 | |a INST |b RHODES |e 20070803 |h 489.37 NTI |p 005400026214 |q 005400026214 |t BK |y 0 |z τ.1 | ||
| 852 | |a INST |b RHODES |e 20070803 |h 489.37 NTI |p 005400026213 |q 005400026213 |t BK |v τ.2: |y 0 |z τ.2 | ||
| 852 | |a INST |b RHODES |e 20070803 |h 489.37 NTI |p 005400026214 |q 005400026214 |t BK |v τ.1: |y 0 |z τ.1 | ||
| 853 | |a INST |b RHODES |h 489.37 NTI | ||
| 901 | |a BIBL4-2007-2 | ||
| 922 | |a 4ΕΛΗ |b 200707 |c ΕΠΕΑΕΚ2/ΤΜΣ |d Σ. ΠΑΤΑΚΗΣ | ||
| 970 | |a ΧΑΡΙΟΠΟΛΙΤΟΥ |b ΚΩΝΣΤΑΝΤΙΝΑ |z 2007/08/03 | ||